Ekonomi politik Islam : teori dan falsafah
| Main Author: | |
|---|---|
| Format: | Book |
| Published: |
Kuala Lumpur :
Dewan Bahasa dan Pustaka ,
2013
|
| Subjects: |
MARC
| LEADER | 00000cam a2200000 7i4500 | ||
|---|---|---|---|
| 001 | 0000182089 | ||
| 005 | 20140508.0 | ||
| 020 | |a 9789834614027 | ||
| 090 | 0 | 0 | |a 297.273 |b MOH |
| 100 | 0 | |a Mohd Syakir Bin Mohd Rosdi | |
| 245 | 1 | 0 | |a Ekonomi politik Islam : |b teori dan falsafah |c Mohd Syakir Bin Mohd Rosdi |
| 260 | |a Kuala Lumpur : |b Dewan Bahasa dan Pustaka , |c 2013 | ||
| 300 | |a 211p. ; |c 22cm. | ||
| 650 | 0 | 0 | |a Islam and economics |
| 650 | 0 | 0 | |a Islam and politics |
| 999 | |a 00294941 |b BUKU |c PINJAMAN |e PERPUSTAKAAN KOMUNITI PETALING JAYA | ||